ZENTRUM PAUL KLEE, BERN, THE ARCHITECTURE. (Record no. 859977)

MARC details
000 -LEADER
fixed length control field 00308nam a2200109Ia 4500
008 - FIXED-LENGTH DATA ELEMENTS--GENERAL INFORMATION
fixed length control field 230822s1989 xx 000 0 und d
041 ## - LANGUAGE CODE
Language code of text/sound track or separate title eng
100 ## - MAIN ENTRY--PERSONAL NAME
Personal name MAURICE E. MARTHA MULLER FOUNDATION
245 ## - TITLE STATEMENT
Title ZENTRUM PAUL KLEE, BERN, THE ARCHITECTURE.
260 ## - PUBLICATION, DISTRIBUTION, ETC.
Name of publisher, distributor, etc. HARCOURT PRIVATE LIMITED
Date of publication, distribution, etc. 1989
300 ## - PHYSICAL DESCRIPTION
Extent 780

No items available.